Introducción al derecho /

Guardado en:
Autor Principal: Vinogradoff, P.
Formato: Desconocido
Idioma:Spanish
Publicado: Buenos Aires : Fondo de Cultura Económica, 1957.
Edición:2a. ed.
Series:Breviarios del Fondo de Cultura económica 57
Materias:
Etiquetas: Agregar Etiqueta
Sin Etiquetas, Sea el primero en etiquetar este registro!
LEADER 00502nac a22001575a 4500
001 DER.der002179
008 180615s1957####ag#||||||||||||||#||spa||
005 20260206093842.0
245 1 0 |a Introducción al derecho /  |c P. Vinogradoff 
250 |a 2a. ed. 
260 |a Buenos Aires :  |b Fondo de Cultura Económica,  |c 1957. 
300 |a 184 p. 
440 0 |a Breviarios del Fondo de Cultura económica  |v 57 
100 1 |a Vinogradoff, P. 
650 7 |a INTRODUCCIÓN AL DERECHO 
859 |a DERECHO  |b BIB. DERECHO  |h 340.1  |i VIN  |p 004306